00314nam a2200133Ia 4500003000400000005001700004008004100021020001800062040000900080100001800089245004700107260001700154260000900171OSt20231206062457.0170524s9999 xx 000 0 und d a81-272-2226-7 ciimt aGupta- Sushma 0aText book of clothing textiles and laundry bKalyani Pub. c2005